Poder y desarrollo en América Latina : estudios sociológicos en homenaje a José Medina Echavarría.
Zapisane w:
| 1. autor: | |
|---|---|
| Format: | Książka |
| Język: | hiszpański |
| Seria: | (Poder y desarrollo : América Latina)
|
| Hasła przedmiotowe: | |
| Etykiety: |
Nie ma etykietki, Dołącz pierwszą etykiete!
|
MARC
| LEADER | 00000cam^a2200000uu^4500 | ||
|---|---|---|---|
| 001 | 000485223 | ||
| 005 | 20250521000000.0 | ||
| 008 | 032008s1977^^^^^^^^^^^^rd^r^^000^0^spa^d | ||
| 009 | 20260310125152.448 | ||
| 035 | |a FCE 000028292 | ||
| 035 | |a FCE 025679 | ||
| 037 | |a Acervo ITESO - Biblioteca | ||
| 041 | |a spa | ||
| 082 | 0 | 4 | |a 304.448 |b SOLp |
| 100 | |a Solari, Aldo E., |e comp |e (autor) | ||
| 245 | 1 | 0 | |a Poder y desarrollo en América Latina : |b estudios sociológicos en homenaje a José Medina Echavarría. |
| 264 | |a México : |b FCE, |c 1977. | ||
| 300 | |a 429 p. | ||
| 336 | |a texto |b txt |2 rdacontenido | ||
| 337 | |a sin mediación |b n |2 rdamedio | ||
| 338 | |a volumen |b nc |2 rdasoporte | ||
| 440 | 0 | |a (Poder y desarrollo : |p América Latina) | |
| 649 | |a XX | ||
| 650 | |a Historia | ||
| 650 | |a Sociología | ||
| 650 | |a Clase social | ||
| 650 | |a Desarrollo | ||
| 650 | |a Relaciones internacionales | ||
| 650 | |a Factor político | ||
| 650 | |a América Latina | ||
| 650 | |a España | ||
| 910 | |a Fondo Centro de Estudios Educativos | ||
| 920 | |a Impresos - Libros | ||
| 930 | |a Fondos Especiales | ||
| 905 | |a 133 | ||
| 901 | |a ALE025679 |b IT2 |c CEE |u 20250521 | ||
| 902 | |a https://opac.biblio.iteso.mx/vufind/Record/000485223 | ||